Doutrinas de estética literária (Registo nº 201252)

Detalhes MARC
000 -Etiqueta do registo
Valores 00550nam 22001813 4500
100 ## - Dados gerais de processamento
Dados gerais 20260313d u||y0pory50 ba
200 ## - Titulo e menção de responsabilidade
Título próprio Doutrinas de estética literária
Primeira menção de responsabilidade por Almeida Garrett
Outras menções de responsabilidade Prefácio e notas de Agostinho da Silva
205 ## - Menção da edição
Edição
210 ## - Publicação
Local de publicação Lisboa
Nome do editor [s.n.]
Data de publicação 1961
215 ## - Descrição física 
Paginação / Volumes 94 p.
Outras indicações físicas brochado
Dimensões 19 cm
606 ## - Nome comum usado como assunto
ID Autoridade 3661
Palavra de ordem Crítica Literária.Estudos Literários
675 ## - CDU
Notação 82.09
Edição PT
Língua por
700 ## - Autor principal (pessoa individual)
ID Autoridade 1423
Apelido Garrett
Nome Almeida
Datas 1799-1854
801 ## - Fonte de origem
País PT
Agência BMMN
Regras de catalogação RPC
830 ## - Notas gerais do catalogador
Criado por Fernando
990 ## - Elementos KOHA
Tipo de documento Livro
Exemplares
Situação do levantamento Biblioteca de origem Código de barras Cota Permissão de empréstimo Tipo de documento Forma de aquisição
  Biblioteca Municipal de Montemor-o-Novo 30545 82.09 GAR|DEP   Livro Compra

Powered by Koha